000 00588nam a2200181 i 4500
001 101342
003 ES-MaACL
005 20250902041227.0
007 t|
008 051017s1968 sp ||||1| spa d
100 1 _aMayor, Domingo.
_979405
245 1 0 _a¿Podemos ser ateos?
_b: el babelismo de "la" evolución y la realidad del cosmos /
_cD. Mayor, S. J.
260 _aComillas :
_bUniversidad Pontificia de Comillas,
_c1968.
300 _a95 p. ;
_c18 cm.
710 2 _aUniversidad Pontificia Comillas
_9173007
852 _aES-MaACL
_jC-36253
_bR.65783
999 _c101342
_d101342